Football- Les 10 plus gros transferts (2014-2015) - Statistiques

Statistiques générales
  • Ce quiz a été pris 83 fois
  • Le résultat moyen est 7 sur 10
Statistiques - réponses
Rang Club Précédent Nouveau Club Montant Joueur % Correct
4 Chelsea Paris SG 49 500 000 € David Luiz
90%
2 Monaco Real Madrid 75 000 000 € James Rodriguez
88%
1 Liverpool Barcelone 81 720 000 € Luis Suarez
88%
3 Real Madrid Manchester United 75 000 000 € Angel Di Maria
81%
6 Barcelone Arsenal 42 500 000 € Alexis Sanchez
66%
7 Atletico Madrid Chelsea 38 000 000 € Diego Costa
60%
10 Chelsea Everton 35 360 000 € Romelu Lukaku
52%
5 Porto Manchester City 45 000 000 € Eliquim Mangala
51%
9 Athletic Bilbao Manchester United 36 000 000 € Ander Herrera
48%
8 Southampton Manchester United 37 500 000 € Luke Shaw
31%
Aucun quiz correspondant
Distribution des résultats
% des personnes avec chaque résultat
Percentile par nombre de réponses
Votre historique - résultats
Vous n’avez pas pris ce quiz